MARC details
| 000 -LEADER |
| campo de control de longitud fija |
02101nam a22003137a 4500 |
| 003 - IDENTIFICADOR DE NÚMERO DE CONTROL |
| campo de control |
OSt |
| 005 - FECHA Y HORA DE LA ÚLTIMA TRANSACCIÓN |
| campo de control |
20230607091354.0 |
| 008 - DATOS DE LONGITUD FIJA--INFORMACIÓN GENERAL |
| campo de control de longitud fija |
221006b |||||||| |||| 00| 0 eng d |
| 040 ## - FUENTE DE CATALOGACIÓN |
| Centro/agencia transcriptor |
Biblioteca Lado V |
| 082 ## - NÚMERO DE LA CLASIFICACIÓN DECIMAL DEWEY |
| Número de clasificación |
700 |
| Número de ítem |
V473o |
| 100 ## - ENTRADA PRINCIPAL--NOMBRE DE PERSONA |
| 9 (RLIN) |
841 |
| Nombre de persona |
Vera Jimenez, Jose Luis |
| Término indicativo de función/relación |
ditector |
| 245 ## - MENCIÓN DEL TÍTULO |
| Título |
El Ornitorrinco Tachado/ |
| Resto del título |
Revista de Artes Visuales/ |
| 260 ## - PUBLICACIÓN, DISTRIBUCIÓN, ETC. |
| Lugar de publicación, distribución, etc. |
Mexico |
| Nombre del editor, distribuidor, etc. |
Universidad Autonoma del Estado de Mexico |
| Fecha de publicación, distribución, etc. |
2018 |
| 300 ## - DESCRIPCIÓN FÍSICA |
| Dimensiones |
21x21cm |
| Extensión |
152p. |
| Material acompañante/anejo |
dos posters |
| 366 ## - INFORMACIÓN SOBRE DISPONIBILIDAD COMERCIAL |
| Nota |
spa |
| 490 ## - MENCIÓN DE SERIE |
| Mención de serie |
6 |
| Designación de volumen o secuencia |
2017 |
| Número Internacional Normalizado para Publicaciones Seriadas |
2448-6930 |
| 505 ## - NOTA DE CONTENIDO CON FORMATO |
| Nota de contenido con formato |
Los estudios visuales "en español". Un estado de la cuestión. |
| 505 ## - NOTA DE CONTENIDO CON FORMATO |
| Nota de contenido con formato |
Articulos |
| Título |
Investigación actual en imágenes. un análisis comparativo del debate internacional sobre la imagen.<br/><br/>Visualidad y técnica: Consideraciones sobre audiovisual amateur, dispositivos y vida cotidiana<br/><br/>La acción política como performance social: el caso de las imágenes de las protestas contra Nicolas Maduro <br/><br/>¿Qué es una pipa?<br/><br/>Museificacion y reinscripcion de artefactos visuales. Del Brasil decimononico a la contemporaneidad artística |
| 505 ## - NOTA DE CONTENIDO CON FORMATO |
| Nota de contenido con formato |
Dossier |
| Mención de responsabilidad |
Francisco Larios |
| Título |
Mar Bermejo |
| 505 ## - NOTA DE CONTENIDO CON FORMATO |
| Nota de contenido con formato |
Al Margen |
| Título |
Presentacion <br/><br/>De mostrar el ver a la imagen que se muestra. Sobre la teoria de la imagen de W. J. T. Mitchell<br/><br/>Comentarios sobre la tercera contratesis de W. J. T. Mitchell<br/><br/>Estudios visuales entre diglosias coloniales y saberes colectivos<br/><br/>El posgrado de la Facultad de Artes frente a los Estudios Visuales |
| 505 ## - NOTA DE CONTENIDO CON FORMATO |
| Nota de contenido con formato |
Ensayo Visual |
| Mención de responsabilidad |
Juan Caloca Carbajal |
| Título |
La gran familia mexicana |
| 505 ## - NOTA DE CONTENIDO CON FORMATO |
| Nota de contenido con formato |
Reseñas |
| Mención de responsabilidad |
Victoria Noelia Cabral |
| Título |
Principio de incertidumbre: percepción y luz en la ciencia y en el arte <br/><br/>Sociología de la imagen. Miradas ch'ixi de la historia andina |
| 650 ## - PUNTO DE ACCESO ADICIONAL DE MATERIA--TÉRMINO DE MATERIA |
| Fuente del encabezamiento o término |
Tesauro de Arte & Arquitectura |
| Término de materia o nombre geográfico como elemento de entrada |
ARTE |
| 9 (RLIN) |
703 |
| 650 ## - PUNTO DE ACCESO ADICIONAL DE MATERIA--TÉRMINO DE MATERIA |
| Fuente del encabezamiento o término |
Tesauro de Arte & Arquitectura |
| Término de materia o nombre geográfico como elemento de entrada |
ENSAYO |
| 9 (RLIN) |
702 |
| 650 ## - PUNTO DE ACCESO ADICIONAL DE MATERIA--TÉRMINO DE MATERIA |
| Fuente del encabezamiento o término |
Tesauro de Arte & Arquitectura |
| Término de materia o nombre geográfico como elemento de entrada |
ARTE VISUAL |
| 9 (RLIN) |
702 |
| 650 ## - PUNTO DE ACCESO ADICIONAL DE MATERIA--TÉRMINO DE MATERIA |
| Fuente del encabezamiento o término |
Tesauro de Arte & Arquitectura |
| Término de materia o nombre geográfico como elemento de entrada |
MUSEOLOGIA |
| 650 ## - PUNTO DE ACCESO ADICIONAL DE MATERIA--TÉRMINO DE MATERIA |
| Fuente del encabezamiento o término |
Tesauro de Arte & Arquitectura |
| Término de materia o nombre geográfico como elemento de entrada |
ESPAÑOL |
| 942 ## - ELEMENTOS DE ENTRADA SECUNDARIOS (KOHA) |
| Fuente del sistema de clasificación o colocación |
Clasificación Decimal Dewey |
| Tipo de ítem Koha |
Libros |
| Parte de la signatura que corresponde a la clasificación (Parte de la clasificación) |
700 |
| Parte de la signatura que identifica el ejemplar (Parte del ítem) |
v473o |
| Suprimir en OPAC |
No |